000 01245cam a2200325 i 4500
999 _c7467
_d7467
005 20200309124102.0
008 151009s2016 flu b 001 0 eng
010 _a 2015039875
020 _a9781138027954 (hardcover : alk. paper)
020 _z9781315686950 (ebook)
040 _aDLC
_beng
_erda
_cDLC
_dDLC
042 _apcc
043 _ae-fr---
050 0 0 _aTH880
_b.P4913 2016
082 0 0 _a728.047
_223
_bPEU
100 1 _aPeuportier, Bruno,
_eauthor.
240 1 0 _aÉco-conception des bâtiments et des quartiers.
_lEnglish
245 1 0 _aEco-design for buildings and neighbourhoods /
_cBruno Peuportier.
300 _aviii, 286 pages :
_billustrations ;
_c26 cm
500 _aTranslation of: Éco-conception des bâtiments et des quartiers.
504 _aIncludes bibliographical references (pages 279-283) and index.
650 0 _aEcological houses.
650 0 _aCommunity development, Urban
_zFrance
_xPlanning.
650 0 _aDwellings
_xEnergy conservation.
650 0 _aConstruction industry
_xAppropriate technology.
650 0 _aNeighborhood planning.
906 _a7
_bcbc
_corignew
_d1
_eecip
_f20
_gy-gencatlg
942 _2ddc